000 00504nam a2200193Ia 4500
003 GCL
008 140319s9999 xx 000 0 eng d
020 _a1579904076
040 _aGCL /
_cGCL
082 0 4 _a731.72
_bT C
100 1 _aTOURTILLOTT, SUZANNE J.E.
245 1 0 _aCREATING FANTASTIC VASES /
_cTOURTILLOTT, SUZANNE J.E.
250 _aFIRST
260 _aنيويورك :
_bLARK BOOKS ،
_c2003
300 _a32 CM ؛
_c112 P
650 0 4 _aVASES
650 0 4 _aVASES IN ART
942 _2ddc
_cBK
999 _c6585
_d6585